Asbestos (Record no. 11131)
[ view plain ]
| 000 -LEADER | |
|---|---|
| fixed length control field | 02511cam a2200337Ia 4500 |
| 001 - CONTROL NUMBER | |
| control field | CRC0KE10457PDF |
| 003 - CONTROL NUMBER IDENTIFIER | |
| control field | BD-DhSAU |
| 005 - DATE AND TIME OF LATEST TRANSACTION | |
| control field | 20151012144300.0 |
| 006 - FIXED-LENGTH DATA ELEMENTS--ADDITIONAL MATERIAL CHARACTERISTICS | |
| fixed length control field | m|||||o||d|||||||| |
| 007 - PHYSICAL DESCRIPTION FIXED FIELD--GENERAL INFORMATION | |
| fixed length control field | cr|||| |
| 008 - FIXED-LENGTH DATA ELEMENTS--GENERAL INFORMATION | |
| fixed length control field | 110705s2011 fluadf sb 001 0 eng d |
| 020 ## - INTERNATIONAL STANDARD BOOK NUMBER | |
| International Standard Book Number | 9781439809716 (ebook : PDF) |
| 040 ## - CATALOGING SOURCE | |
| Original cataloging agency | BD-DhSAU |
| Transcribing agency | BD-DhSAU |
| 090 ## - LOCALLY ASSIGNED LC-TYPE CALL NUMBER (OCLC); LOCAL CALL NUMBER (OCLC) | |
| Classification number (OCLC) (R) ; Classification number, CALL (RLIN) (NR) | RA1231.A8 |
| Local cutter number (OCLC) ; Book number/undivided call number, CALL (RLIN) | A74 2011 |
| 092 ## - LOCALLY ASSIGNED DEWEY CALL NUMBER (OCLC) | |
| Classification number | 615.92539224 |
| Item number | A799 |
| 245 00 - TITLE STATEMENT | |
| Title | Asbestos |
| Medium | [electronic resource] : |
| Remainder of title | risk assessment, epidemiology, and health effects / |
| Statement of responsibility, etc. | [edited by] Ronald F. Dodson, Samuel P. Hammar. |
| 250 ## - EDITION STATEMENT | |
| Edition statement | 2nd ed. |
| 260 ## - PUBLICATION, DISTRIBUTION, ETC. (IMPRINT) | |
| Place of publication, distribution, etc. | Boca Raton, Fla. : |
| Name of publisher, distributor, etc. | CRC Press, |
| Date of publication, distribution, etc. | 2011. |
| 300 ## - PHYSICAL DESCRIPTION | |
| Extent | xv, 647 p., [16] p. of plates : |
| Other physical details | ill. (some col.). |
| 504 ## - BIBLIOGRAPHY, ETC. NOTE | |
| Bibliography, etc | Includes bibliographical references and index. |
| 505 0# - FORMATTED CONTENTS NOTE | |
| Formatted contents note | ch. 1. The history of asbestos utilization and recognition of asbestos-induced diseases / Douglas W. Henderson and James Leigh -- ch. 2. Asbestos analysis methods / James R. Millette -- ch. 3. Analysis and relevance of asbestos burden in tissue / Ronald F. Dodson -- ch. 4. The molecular pathogenesis of asbestos-related disorders / Sonja Klebe and Douglas W. Henderson -- ch. 5. Epidemiology of asbestos-related diseases and the knowledge that led to what is known today / Richard A. Lemen -- ch. 6. Asbestos and carcinoma of the lung / Douglas W. Henderson and James Leigh -- ch. 7. Asbestos and mesothelioma / Samuel P. Hammar -- ch. 8. Asbestos and other cancers / Samuel P. Hammar ... [et al.] -- ch. 9. Asbestosis / Samuel P. Hammar -- ch. 10. Asbestos-induced pleural disease / Samuel P. Hammar -- ch. 11. Uncommon nonmalignant asbestos-induced conditions / Samuel P. Hammar -- ch. 12. Clinical diagnosis and management of nonmalignant asbestos-related diseases / Gary K. Friedman -- ch. 13. Malignant diseases attributed to asbestos exposure / Gary K. Friedman -- ch. 14. Core curriculum for practicing physicians related to asbestos / Jefrey L. Levin and Paul P. Rountree -- ch. 15. Asbestos regulations and their applications / Daniel T. Crane and Adele Cardenas Malott. |
| 530 ## - ADDITIONAL PHYSICAL FORM AVAILABLE NOTE | |
| Additional physical form available note | Also available in print edition. |
| 538 ## - SYSTEM DETAILS NOTE | |
| System details note | Mode of access: World Wide Web. |
| 650 #0 - SUBJECT ADDED ENTRY--TOPICAL TERM | |
| Topical term or geographic name as entry element | Asbestos |
| General subdivision | Toxicology. |
| 650 #0 - SUBJECT ADDED ENTRY--TOPICAL TERM | |
| Topical term or geographic name as entry element | Asbestosis. |
| 655 #7 - INDEX TERM--GENRE/FORM | |
| Genre/form data or focus term | Electronic books. |
| Source of term | lcsh |
| 700 1# - ADDED ENTRY--PERSONAL NAME | |
| Personal name | Dodson, Ronald F. |
| 700 1# - ADDED ENTRY--PERSONAL NAME | |
| Personal name | Hammar, Samuel P. |
| 776 1# - ADDITIONAL PHYSICAL FORM ENTRY | |
| International Standard Book Number | 9781439809686 |
| 856 40 - ELECTRONIC LOCATION AND ACCESS | |
| Uniform Resource Identifier | <a href="http://marc.crcnetbase.com/isbn/9781439809716">http://marc.crcnetbase.com/isbn/9781439809716</a> |
| Electronic format type | application/PDF |
No items available.
